Home health care nursing / (Record no. 339)

MARC details
000 -LEADER
fixed length control field 00974cam a22003014a 4500
001 - CONTROL NUMBER
control field 12603956
003 - CONTROL NUMBER IDENTIFIER
control field OSt
005 - DATE AND TIME OF LATEST TRANSACTION
control field 20210215154102.0
008 - FIXED-LENGTH DATA ELEMENTS--GENERAL INFORMATION
fixed length control field 011130s2002 paua b 001 0 eng
010 ## - LIBRARY OF CONGRESS CONTROL NUMBER
LC control number 2001057695
020 ## - INTERNATIONAL STANDARD BOOK NUMBER
International Standard Book Number 0721677665
040 ## - CATALOGING SOURCE
Original cataloging agency DLC
Transcribing agency DLC
Modifying agency DLC
-- PHNSL
042 ## - AUTHENTICATION CODE
Authentication code pcc
050 00 - LIBRARY OF CONGRESS CALL NUMBER
Classification number RT61
Item number .H67 2002
082 00 - DEWEY DECIMAL CLASSIFICATION NUMBER
Classification number 610.73
Edition number 21
245 00 - TITLE STATEMENT
Title Home health care nursing /
Statement of responsibility, etc. [edited by] Ida M. Martinson, Ann G. Widmer, Carmen J. Portillo.
250 ## - EDITION STATEMENT
Edition statement 2nd ed.
260 ## - PUBLICATION, DISTRIBUTION, ETC.
Place of publication, distribution, etc. Philadelphia :
Name of publisher, distributor, etc. W.B. Saunders,
Date of publication, distribution, etc. 2002.
300 ## - PHYSICAL DESCRIPTION
Extent xx, 577 p. :
Other physical details ill. ;
Dimensions 27 cm.
504 ## - BIBLIOGRAPHY, ETC. NOTE
Bibliography, etc. note Includes bibliographical references and index.
650 #0 - SUBJECT ADDED ENTRY--TOPICAL TERM
Topical term or geographic name entry element Home nursing.
700 1# - ADDED ENTRY--PERSONAL NAME
Personal name Martinson, Ida Marie,
Dates associated with a name 1936-
700 1# - ADDED ENTRY--PERSONAL NAME
Personal name Widmer, Ann.
700 1# - ADDED ENTRY--PERSONAL NAME
Personal name Portillo, Carmen J.
906 ## - LOCAL DATA ELEMENT F, LDF (RLIN)
a 7
b cbc
c orignew
d 1
e ocip
f 20
g y-gencatlg
942 ## - ADDED ENTRY ELEMENTS (KOHA)
Source of classification or shelving scheme Library of Congress Classification
Koha item type Books
Holdings
Withdrawn status Lost status Source of classification or shelving scheme Damaged status Not for loan Home library Current library Shelving location Date acquired Full call number Barcode Date last seen Copy number Price effective from Koha item type Public note
    Library of Congress Classification     Public Health Nurses School Public Health Nurses School General Stacks 02/15/2021 RT61.H75 00876 02/15/2021 c.1 02/15/2021 Books soa 15/02/21
Copyright © 2025 PHNS Library. All Rights Reserved.